=LDR 00000nam 2200000 4500 =001 INLIS000000000005486 =005 20200225030529 =035 ##$$a 0010-061300000005486 =008 200225################g##########0#ind## =041 ##$$a Ind =082 ##$$a 177.7 =090 ##$$a 177.7, Ros m =100 ##$$a Rose, La =245 1#$$a Menjawab 45 pertanyaan tata krama, cara bertimbang rasa /$c La Rose =260 ##$$a Jakarta :$b Midas surya grafindo,$c 1987 =300 ##$$a 140 hlm ; $c 19 x 13 cm =650 #4$$a Cinta-etika =850 ##$$a NBPNMAT =084 ##$$a 177.7 ROS m =250 ##$$a Cet. 1 =990 ##$$a DW00019500 =990 ##$$a 103.682/pro-96 =990 ##$$a DW00019502 =990 ##$$a DW00019502 =990 ##$$a DW00019500 =990 ##$$a 103.682/pro-96 =990 ##$$a DW00019500 =990 ##$$a 103.682/pro-96 =990 ##$$a DW00019502